<?xml version="1.0" encoding="UTF-8"?>
<record
    xmlns:xsi="http://www.w3.org/2001/XMLSchema-instance"
    xsi:schemaLocation="http://www.loc.gov/MARC21/slim http://www.loc.gov/standards/marcxml/schema/MARC21slim.xsd"
    xmlns="http://www.loc.gov/MARC21/slim">

  <leader>02846nam a2200289 i 4500</leader>
  <controlfield tag="003">CSPC</controlfield>
  <controlfield tag="005">20260214133253.0</controlfield>
  <controlfield tag="008">260210s2024    ii a     b    001 0 eng d</controlfield>
  <datafield tag="020" ind1=" " ind2=" ">
    <subfield code="a">9788119920617</subfield>
  </datafield>
  <datafield tag="040" ind1=" " ind2=" ">
    <subfield code="a">CSPC</subfield>
    <subfield code="b">eng</subfield>
    <subfield code="c">CSPC</subfield>
    <subfield code="e">rda</subfield>
  </datafield>
  <datafield tag="050" ind1="0" ind2="0">
    <subfield code="a">LC4601</subfield>
    <subfield code="b">.B437 2024</subfield>
  </datafield>
  <datafield tag="082" ind1="0" ind2="0">
    <subfield code="a">371.92</subfield>
    <subfield code="b">B469e</subfield>
    <subfield code="2">23</subfield>
  </datafield>
  <datafield tag="100" ind1="1" ind2=" ">
    <subfield code="a">Bhardwaj, Ratan Kumar,</subfield>
    <subfield code="e">author.</subfield>
  </datafield>
  <datafield tag="245" ind1="1" ind2="0">
    <subfield code="a">Educating the mentally disabled /</subfield>
    <subfield code="c">Ratan Kumar Bhardwaj.</subfield>
  </datafield>
  <datafield tag="250" ind1=" " ind2=" ">
    <subfield code="a">First edition.</subfield>
  </datafield>
  <datafield tag="264" ind1=" " ind2="1">
    <subfield code="a">New Delhi, India :</subfield>
    <subfield code="b">Venus Books,</subfield>
    <subfield code="c">2024.</subfield>
  </datafield>
  <datafield tag="300" ind1=" " ind2=" ">
    <subfield code="a">xi, 272 pages :</subfield>
    <subfield code="b">illustration ;</subfield>
    <subfield code="c">24 cm.</subfield>
  </datafield>
  <datafield tag="336" ind1=" " ind2=" ">
    <subfield code="2">rdacontent</subfield>
    <subfield code="a">text</subfield>
  </datafield>
  <datafield tag="337" ind1=" " ind2=" ">
    <subfield code="2">rdamedia</subfield>
    <subfield code="a">unmediated</subfield>
  </datafield>
  <datafield tag="338" ind1=" " ind2=" ">
    <subfield code="2">rdacarrier</subfield>
    <subfield code="a">volume</subfield>
  </datafield>
  <datafield tag="504" ind1=" " ind2=" ">
    <subfield code="a">Includes bibliographical references and index.</subfield>
  </datafield>
  <datafield tag="505" ind1="0" ind2=" ">
    <subfield code="a">Assessment and modification of psycholinguistic processes -- Technology in special education -- Curriculum frontiers for the elementary gifted student -- Programmed instruction and the intellectually gifted -- A vision of technology and education -- The experimental classroom -- A critical evaluation of Illinois test of psycholinguistic abilities -- Programmed instruction and teaching machines -- Application of teaching machine.</subfield>
  </datafield>
  <datafield tag="520" ind1=" " ind2=" ">
    <subfield code="a">"A mental disability is a cognitive or psychological condition that limits a major life activity in some way or requires special services. Mental disabilities can be caused by biological factors, environmental factors, substance abuse or brain trauma. Mental disorders can affect classroom learning, such as poor attendance, difficulties with academic performance, poor social integration, trouble adjusting to school, problems with behavior regulation, and attention and concentration issues, all of which is critical to the success of the student. The community at large is often unaware of the potential of children with special needs. In the popular mind, special needs are usually identified with very low expectations. Parent should believe in the value of educating children with special needs. The higher the expectations, the higher will be their acceptance in the family. A child with an intellectual disability can do well in school but is likely to need the individualized help that's available as special education and related services. The level of help and support that's needed will depend upon the degree of intellectual disability involved. Inclusive education encourages all children to learn successfully regardless of disability, learning difficulty, or any other feature. The present comprehensive book provides an integrated, transdisciplinary overview on educating mentally disabled"-- Back cover.</subfield>
  </datafield>
  <datafield tag="650" ind1=" " ind2="0">
    <subfield code="a">Children with mental disabilities</subfield>
    <subfield code="x">Education.</subfield>
  </datafield>
  <datafield tag="942" ind1=" " ind2=" ">
    <subfield code="2">ddc</subfield>
    <subfield code="n">0</subfield>
    <subfield code="c">BK</subfield>
    <subfield code="h">371.92</subfield>
    <subfield code="i">B469e</subfield>
    <subfield code="k">CIR</subfield>
    <subfield code="m">2024</subfield>
    <subfield code="e">23</subfield>
  </datafield>
  <datafield tag="952" ind1=" " ind2=" ">
    <subfield code="0">0</subfield>
    <subfield code="1">0</subfield>
    <subfield code="2">ddc</subfield>
    <subfield code="4">0</subfield>
    <subfield code="7">0</subfield>
    <subfield code="a">CSPC</subfield>
    <subfield code="b">CSPC</subfield>
    <subfield code="c">CIR</subfield>
    <subfield code="d">2026-02-10</subfield>
    <subfield code="l">0</subfield>
    <subfield code="o">CIR 371.92 B469e 2024</subfield>
    <subfield code="p">031285</subfield>
    <subfield code="r">2026-02-10 12:58:34</subfield>
    <subfield code="t">1-1</subfield>
    <subfield code="w">2026-02-10</subfield>
    <subfield code="y">BK</subfield>
  </datafield>
  <datafield tag="999" ind1=" " ind2=" ">
    <subfield code="c">31722</subfield>
    <subfield code="d">31722</subfield>
  </datafield>
</record>
